000 00542nam a2200169 a 4500
008 120416s1965 ||||||||||||||||| || u
020 _a0419102906
050 _aTA 683.2 Fab
100 _aFaber, Oscar
245 1 0 _aOscar Faber's reinforced concrete
250 _arev. ed.
260 _aWiltshire
_bELBS
_c1965
300 _axv, 532p. : ill.
350 _a0.00
700 _aFaber, John
995 _D0.00
_FCBU-MAIN LIBRARY (Kitwe)
_H1
_I2.78
_M1
_UDAMAGED
_ZMain Library Open Access Collection
999 _c52951
_d52951